Desenvolvimento de um programa integrado de controle dos nematódeos e a mosca dos chifres na regiao dos cerrados (Registro nro. 13558)
[ vista simple ]
| 000 -CABECERA | |
|---|---|
| Campo de control | 005220000a22001330004500 |
| 090 ## - CLASIFICACIÓN LOCAL | |
| Colección | AR |
| Consecutivo | 04459 |
| 041 0# - IDIOMA | |
| Código de idioma para texto/pista de sonido o título separado | |
| 100 1# - ASIENTO PRINCIPAL--NOMBRE PERSONAL | |
| Nombre personal | Honer, Michael Robin |
| 245 10 - MENCION DE TITULO | |
| Título | Desenvolvimento de um programa integrado de controle dos nematódeos e a mosca dos chifres na regiao dos cerrados |
| Version | fase 2: observacoes sobre a dinamica populacional dos besouros coprófagos autoctones |
| 700 1# - ASIENTO SECUNDARIO - NOMBRE PERSONAL | |
| Nombre personal | Bianchin, Ivo |
| 700 1# - ASIENTO SECUNDARIO - NOMBRE PERSONAL | |
| Nombre personal | Gomes, Alberto |
| 773 1# - Item fuente: | |
| Título | Pesquisa em Andamento |
| Descripción física | 40 |
| Paginas del Articulo | 1-5 |
| Lugar, editorial y fecha de publicación | 1988 |
| 942 ## - ELEMENTOS ADICIONALES (KOHA) | |
| Tipo de ítem | Artículo |
| Withdrawn status | Lost status | Damaged status | No para préstamo | Colección | Ubicación Permanente | Ubicación actual | Fecha de adquisición | Fuente de Valor | Datos de publicación Seriada | Total Checkouts | Número topográfico | Inventario / Código de Barras | Date last seen | Ejemplar | Price effective from | Forma de adquisición | Tipo de material |
|---|---|---|---|---|---|---|---|---|---|---|---|---|---|---|---|---|---|
| No para Préstamo | Hemeroteca | Bogotá | Bogotá | 26/09/2007 | Ospina. Mónica | Fuera de circulación | AR 04459 | 025307 | 25/03/2015 | 1 | 25/03/2015 | Artículo |